000 00603nam a2200229Ia 4500
003 OSt
005 20220924124131.0
006 a|||||r|||| 00| 0
007 ta
008 220923b |||||||| |||| 00| 0 urd d
024 _a316522
037 _cTextual
040 _aARTS
_cARTS
_burd
041 _2urd
_aurd
082 _aO168,2L97,1, M0
100 _aMohammad Mehdi
_9194895
245 0 _aGhalib kon hai
260 _aNew Delhi
_b Nai Aawaz India
_c1980
650 _aURDU DRAMA
942 _hO168,2L97,1, M0
_cTEXL
_2CC
999 _c418546
_d418546